000 00651na a2200241 4500
001 13184
003 MIRAKIL
005 20181213154829.0
008 160930b tu 000 0
035 _a13184
040 _aMilas
_btur
_cTR-AnCHP
082 _a813.42
_bY23k 1979
090 _a813.42 Y23k 1979
100 _aYağmur, Mahmut
245 _aKutsal imece
_cMahmut Yağmur
260 _aİstanbul
_bKöyün Çocuğu Yayınları
_c1979
300 _a75 s.
_c20 sm.
440 _aKöyün Çocuğu Yayınları
490 _aÜnlü yazarlar dizisi
_v11
650 _aTarihi roman
650 _aTürk edebiyatı
_xÖykü
942 _2ddc
_cBKS
999 _c1610
_d1610